Cities of Manitoba - Statistics

General Stats
  • This quiz has been taken 22 times
  • The average score is 7 of 10
Answer Stats
Population Answer % Correct
48,859 Brandon
100%
705,244 Winnipeg
100%
13,304 Portage la Prairie
70%
10,278 Selkirk
70%
15,829 Steinbach
70%
13,678 Thompson
65%
4,991 Flin Flon
60%
8,369 Dauphin
55%
12,660 Winkler
55%
8,668 Morden
45%
No matching quizzes found
Score Distribution
Percent of People with Each Score
Percentile by Number Answered
Your Score History
You have not taken this quiz